000 00544nam a2200193Ia 4500
005 20250508162128.0
008 008 250505s9999 xx 000 0 eng d
037 _aTextual
040 _aFEDL
_beng
_cFEDL
041 _aeng
_2eng
084 _a339, LAN
_qFEDL
100 _aLancaster Kelvin
245 0 _aModern economics : Principles and policy
260 _aChicago
_bRand McNally College Publishing Company
_c1973
300 _axiv,738p.
650 _aEconomics
942 _cTEXL
_h339, LAN
999 _c1374549
_d1374549